00264nam a2200109Ia 4500100003600000654001200036245003300048260003400081082001900115300000800134546001200142 aHayt/William H/ Kemmerly/ J.E.  acircuit aEngineering Circuit Analysis bMc Graw HillaSingaporec1993 a621.38153bPAN a706 aENGLISH